000 00593nam a2200217 4500
003 OSt
005 20260530113852.0
008 260507b2001 |||a|||| |||| 00| 0 eng d
020 _a0890133891
040 _aICI
_bspa
_cICI
050 _aNK4320.M5
_bL57
100 1 _aLister, Florence C.
_931379
245 1 0 _aMaiolica Olé
264 1 _bMuseum of New Mexico Press Santa Fe
_c2001
_aHong Kong
300 _a176 páginas
336 _atexto
_2rdacontent
337 _asin medio
_2rdamedia
338 _avolumen
_2rdacarrier
700 _aRobert H. Lister
_eAutor
_931380
942 _2lcc
_cBK
_n1
999 _c11505
_d11505